| 000 | 00515nam a2200181Ia 4500 | ||
|---|---|---|---|
| 999 |
_c36883 _d36883 |
||
| 003 | OSt | ||
| 005 | 20210127103405.0 | ||
| 008 | 190216s9999||||xx |||||||||||||| ||und|| | ||
| 020 | _a8189301144 | ||
| 040 | _coclc | ||
| 082 |
_a420 _bPAN/U |
||
| 100 |
_aPanigrahi, B P _98448 |
||
| 245 | 0 |
_aUGC NET / SLET English Literature / _cB P Panigrahi |
|
| 260 |
_bDanika Publishing Company, _c2008. _aNew Delhi: |
||
| 300 | _a651p | ||
| 650 | _aEnglish | ||
| 942 |
_cREF _2ddc _h420 _iPAN/U _k420 _mPAN/U |
||